17 Most Famous Cities in Angola on a Map - Statistics

General Stats
  • This quiz has been taken 74 times
  • The average score is 7 of 17
Answers on the Map
Answers color-coded by a green-red scale on the quiz's map according to % correct below.
 
Answer Stats
Wiki Monthly Views Cityquiz Mention Rate Population Answers % Correct
60.29 K 41.81% 6759.31 K Luanda
100%
7.23 K 7.50% 550.00 K Cabinda
92%
7.21 K 3.71% 555.12 K Benguela
80%
4.92 K 2.72% 600.75 K Lubango
59%
6.49 K 3.53% 595.30 K Huambo
55%
3.89 K 1.91% 357.95 K Lobito
53%
2.93 K 0.49% 255.00 K Moçâmedes
43%
3.05 K 1.30% 455.00 K Malanje
35%
1.74 K 0.61% 273.68 K Luena
33%
1.71 K 0.80% 355.42 K Cuíto
31%
5.94 K 0.91% 148.00 K M'banza-Kongo
31%
1.26 K 0.39% 251.18 K Menongue
31%
1.45 K 0.42% 393.00 K Saurimo
27%
2.17 K 0.46% 200.92 K Soyo
24%
2.16 K 0.80% 322.53 K Uíge
24%
1.35 K 0.32% 205.83 K Sumbe
22%
1.38 K - 40.83 K Cuito Cuanavale
8%
No matching quizzes found
Score Distribution
Percent of People with Each Score
Percentile by Number Answered
Your Score History
You have not taken this quiz